[Event "IECC M email"]
[Site "IECC email"]
[Date "2003.07.07"]
[Round "?"]
[White "Mottershead, Richard"]
[Black "Dussetier, Franck"]
[Result "1/2-1/2"]
[WhiteElo "1114"]
[BlackElo "1084"]
[PlyCount "77"]
[EventDate "2003.??.??"]
[EventType "tourn (corr)"]
[EventRounds "6"]
[SourceTitle "Corr 2008"]
[Source "ChessBase"]
[SourceDate "2008.06.24"]
[SourceVersion "1"]
[SourceVersionDate "2008.06.24"]
[SourceQuality "1"]

1. e4 c5 2. d4 cxd4 3. c3 dxc3 4. Nxc3 Nc6 5. Bc4 d6 6. Nf3 e6 7. a3 a5 8. Be3 g6 9. 0-0 Nf6 10. Rc1 Bg7 11. h3 b6 12. Qd2 Ba6 13. Bxa6 Rxa6 14. Rfd1 0-0 15. Qxd6 Qxd6 16. Rxd6 Ne7 17. Rcd1 Rfa8 18. Rd8+ Ne8 19. Nb5 Nc6 20. Rxe8+ Rxe8 21. Nc7 Raa8 22. Nxa8 Rxa8 23. b3 b5 24. Rd7 Rd8 25. Rxd8+ Nxd8 26. Nd4 Bxd4 27. Bxd4 Nc6 28. Bf6 h5 29. g4 hxg4 30. hxg4 Kf8 31. f4 Ke8 32. Kf2 Kd7 33. Ke3 Kd6 34. Kd3 e5 35. f5 gxf5 36. gxf5 Nd4 37. Kc3 Ne2+ 38. Kd2 Nd4 39. Kc3 1/2-1/2

[Event "IECG CN.2001.0.00247"]
[Site "IECG email"]
[Date "2001.05.14"]
[Round "?"]
[White "Dussetier, Franck"]
[Black "Venturas, Bob"]
[Result "1-0"]
[WhiteElo "800"]
[BlackElo "570"]
[PlyCount "42"]
[EventDate "2001.05.14"]
[EventType "tourn (corr)"]
[EventRounds "6"]
[SourceTitle "Corr 2008"]
[Source "ChessBase"]
[SourceDate "2008.06.24"]
[SourceVersion "1"]
[SourceVersionDate "2008.06.24"]
[SourceQuality "1"]

1. d4 d5 2. c4 dxc4 3. Nc3 Nf6 4. e3 e5 5. Bxc4 Bb4 6. Bd2 exd4 7. exd4 0-0 8. Nge2 Re8 9. 0-0 Nc6 10. Rc1 a6 11. Qb3 Be6 12. Bxe6 fxe6 13. a3 Bxc3 14. Rxc3 Ne4 15. Rd3 Nxd2 16. Rxd2 Rb8 17. Rd3 Qd5 18. Rc1 b6 19. Qc2 Ne7 20. Qxc7 Qg5 21. Qe5 Nd5 1-0

[Event "IECG QN.2001.0.00181"]
[Site "IECG email"]
[Date "2001.05.11"]
[Round "?"]
[White "Redding, Jason"]
[Black "Dussetier, Franck"]
[Result "1-0"]
[WhiteElo "800"]
[BlackElo "800"]
[PlyCount "50"]
[EventDate "2001.05.11"]
[EventType "tourn (corr)"]
[EventRounds "6"]
[SourceTitle "Corr 2008"]
[Source "ChessBase"]
[SourceDate "2008.06.24"]
[SourceVersion "1"]
[SourceVersionDate "2008.06.24"]
[SourceQuality "1"]

1. d4 d5 2. Nf3 Nf6 3. c4 e6 4. Nc3 Bb4 5. Bd2 Nc6 6. e3 h6 7. cxd5 exd5 8. Bb5 Bd7 9. Qb3 Ba5 10. Nxd5 Bxd2+ 11. Nxd2 0-0 12. Bxc6 Bxc6 13. Nxf6+ Qxf6 14. d5 Bd7 15. Qxb7 Rab8 16. Qxc7 Qxb2 17. 0-0 Qb7 18. Qxb7 Rxb7 19. Rab1 Rfb8 20. Rxb7 Rxb7 21. Nc4 Bb5 22. Rb1 Ba6 23. Rxb7 Bxb7 24. e4 Kf8 25. Nd6 Ba6 1-0

[Event "SEMI B019 email"]
[Site "SEMI email"]
[Date "2001.??.??"]
[Round "?"]
[White "Amadio, Giancarlo"]
[Black "Dussetier, Franck"]
[Result "1-0"]
[WhiteElo "1000"]
[BlackElo "1450"]
[PlyCount "37"]
[EventDate "2001.04.15"]
[EventType "tourn (corr)"]
[EventRounds "6"]
[EventCountry "ITA"]
[SourceTitle "Corr 2002"]
[Source "ChessBase"]
[SourceDate "2002.05.23"]
[SourceVersion "1"]
[SourceVersionDate "2002.05.23"]
[SourceQuality "1"]

1. d4 d5 2. Bf4 Nf6 3. Nf3 Nbd7 4. e3 e6 5. Be2 Nb6 6. a4 Qe7 7. Nbd2 c6 8. a5 Nc4 9. Bxc4 dxc4 10. Nxc4 Qb4+ 11. Nfd2 Be7 12. Bd6 Bxd6 13. c3 Qxc4 14. Nxc4 Be7 15. Qf3 0-0 16. a6 Rd8 17. 0-0 b5 18. Ne5 Rb8 19. Nxc6 1-0